1600 1614 1602 1716 1557 1010 1274 1637 1992 1736 1899 1515 1789 1873 1838 1900 1960 1785 1958 1322 1150 1111 1916 1672 1752 1069 1253 1283 1451 1939 1509 1727 1350 1028 1013 1823 1684 1590 1684 1507 1671 1086 1160 1966 1526 1902 1742 1502 1140 1401 1882 1319 1157 1165 1170 1277 1249 1765 1733 1021 1634 1292 1551 1468 1326 1846 1092 1774 1073 1091 1612 1085 1731 1271 1580 1722 1214 1590 1810 1456 1928 1343 1467 1270 1055 1785 1730 1529 1720 1925 1092 1514 1661 1071 1163 1606 1830 1111 1065 BCNSPRNW ULIB Ver.6.0+V

เปลี่ยนเป็นภาษาไทย

Change to English
 แสดงรายละเอียดบรรณานุกรม
  กลับหน้าหลัก

Brief Record : Get Marc (ISO 2709) : E-mail record : QR code < ปิดหน้าต่าง
LEADER : 00000nam 2200000uu 4500
001    13399125219
003     ULIB
008    161117s2553||||th 000 0 tha d
020    ^a9786111100686
050  4 ^aTJ163.3^bส282ค
100 0  ^aนายสมศักดิ์ ศิริวนารังสรรค์,นายนิพนธ์ุ อันแฉ่ง,นายผาไท จูลสุข,นางสาวเนาวรัตน์ ศรีสันติแสงและนางสาวพรรนิกาญจน วังกุ่ม
245 00 ^aคู่มือ 5 ส /^cสำนักงานอนามัยสิ่งแวดล้อม กรมอนามัย กระทรวงสาธารณสุข
250    ^aพิมพ์ครั้งที่ 2
260    ^aกรุงเทพ :^bบริษัท สามเจริญพาณิชย์ จำกัด,^c2553
300    ^a73 หน้า
700 0  ^aนายสมศักดิ์ ศิริวนารังสรรค์
700 0  ^aนายนิพนธ์ุ อันแฉ่ง
700 0  ^aนายผาไท จูลสุข
700 0  ^aนางสาวเนาวรัตน์ ศรีสันติแสง
700 0  ^aนางสาวพรรนิกาญจน วังกุ่ม
945    ^p0^l0^i001498
945    ^p0^l0^i001499
945    ^p0^l0^i001500
945    ^p0^l0^i001501
945    ^p0^l0^i001502
945    ^p0^l0^i001503
945    ^p0^l0^i001504
999    ^aวรรณษา ชูชัยมงคล
รายการนี้ยังไม่มีแท็ก
คุณยังไม่ได้ล็อกอิน คุณสามารถมีกิจกรรมร่วมกับเว็บไซต์ได้ แต่ต้องล็อกอินก่อน ::
  ล็อกอิน

รายการสื่อสารสนเทศ

ลำดับที่ ประเภท เลขเรียก/บาร์โค้ด สถานที่ สถานะ
1. การศึกษาทั่วไป
การศึกษาทั่วไป
TJ163.3 ส282ค ฉ.1 
  Barcode: 001498
ห้องสมุดวิทยาเขตสวรรค์ประชารักษ์
►หนังสือทั่วไป
บนชั้น
2. การศึกษาทั่วไป
การศึกษาทั่วไป
TJ163.3 ส282ค ฉ.2 
  Barcode: 001499
ห้องสมุดวิทยาเขตสวรรค์ประชารักษ์
►หนังสือทั่วไป
บนชั้น
3. การศึกษาทั่วไป
การศึกษาทั่วไป
TJ163.3 ส282ค ฉ.3 
  Barcode: 001500
ห้องสมุดวิทยาเขตสวรรค์ประชารักษ์
►หนังสือทั่วไป
บนชั้น
4. การศึกษาทั่วไป
การศึกษาทั่วไป
TJ163.3 ส282ค ฉ.4 
  Barcode: 001501
ห้องสมุดวิทยาเขตสวรรค์ประชารักษ์
►หนังสือทั่วไป
บนชั้น
5. การศึกษาทั่วไป
การศึกษาทั่วไป
TJ163.3 ส282ค ฉ.5 
  Barcode: 001502
ห้องสมุดวิทยาเขตสวรรค์ประชารักษ์
►หนังสือทั่วไป
บนชั้น
6. การศึกษาทั่วไป
การศึกษาทั่วไป
TJ163.3 ส282ค ฉ.6 
  Barcode: 001503
ห้องสมุดวิทยาเขตสวรรค์ประชารักษ์
►หนังสือทั่วไป
บนชั้น
7. การศึกษาทั่วไป
การศึกษาทั่วไป
TJ163.3 ส282ค ฉ.7 
  Barcode: 001504
ห้องสมุดวิทยาเขตสวรรค์ประชารักษ์
►หนังสือทั่วไป
บนชั้น

BibComment


ยังไม่เคยถูกคอมเมนท์

คอมเมนท์ทรัพยากรรายการนี้
  คอมเมนท์: คู่มือ 5 ส สำน..


 Copyright 2026. Bcnsprnw @Library